MARC details
| 000 -LEADER |
| fixed length control field |
01822cam a2200337 i 4500 |
| 001 - CONTROL NUMBER |
| control field |
200468141 |
| 003 - CONTROL NUMBER IDENTIFIER |
| control field |
TR-AnTOB |
| 005 - DATE AND TIME OF LATEST TRANSACTION |
| control field |
20260416113521.0 |
| 007 - PHYSICAL DESCRIPTION FIXED FIELD--GENERAL INFORMATION |
| fixed length control field |
ta |
| 008 - FIXED-LENGTH DATA ELEMENTS--GENERAL INFORMATION |
| fixed length control field |
260416r19751958nyu b 000 0 eng d |
| 020 ## - INTERNATIONAL STANDARD BOOK NUMBER |
| International Standard Book Number |
0517504367 |
| Qualifying information |
(hardback) |
| 035 ## - SYSTEM CONTROL NUMBER |
| System control number |
(TR-AnTOB)200468141 |
| 040 ## - CATALOGING SOURCE |
| Original cataloging agency |
PLF |
| Language of cataloging |
eng |
| Description conventions |
rda |
| Transcribing agency |
PLF |
| Modifying agency |
VVN |
| -- |
NOR |
| -- |
TR-AnTOB |
| 041 0# - LANGUAGE CODE |
| Language code of text/sound track or separate title |
İngilizce |
| 050 ## - LIBRARY OF CONGRESS CALL NUMBER |
| Classification number |
PS634 |
| Item number |
.B47 1975 |
| 090 ## - LOCALLY ASSIGNED LC-TYPE CALL NUMBER (OCLC); LOCAL CALL NUMBER (RLIN) |
| Classification number (OCLC) (R) ; Classification number, CALL (RLIN) (NR) |
PS634 |
| Local cutter number (OCLC) ; Book number/undivided call number, CALL (RLIN) |
.B47 1975 |
| 245 00 - TITLE STATEMENT |
| Title |
Best American plays : |
| Remainder of title |
fourth series, 1951-1957 / |
| Statement of responsibility, etc. |
edited with an introduction by John Gassner. |
| 264 #1 - PRODUCTION, PUBLICATION, DISTRIBUTION, MANUFACTURE, AND COPYRIGHT NOTICE |
| Place of production, publication, distribution, manufacture |
New York : |
| Name of producer, publisher, distributor, manufacturer |
Crown Publishers, |
| Date of production, publication, distribution, manufacture, or copyright notice |
1975. |
| 300 ## - PHYSICAL DESCRIPTION |
| Extent |
648 pages ; |
| Dimensions |
24 cm |
| 336 ## - CONTENT TYPE |
| Content type term |
text |
| Content type code |
txt |
| Source |
rdacontent |
| 337 ## - MEDIA TYPE |
| Media type term |
unmediated |
| Media type code |
n |
| Source |
rdamedia |
| 338 ## - CARRIER TYPE |
| Carrier type term |
volume |
| Carrier type code |
nc |
| Source |
rdacarrier |
| 504 ## - BIBLIOGRAPHY, ETC. NOTE |
| Bibliography, etc. note |
Includes bibliographical references. |
| 505 00 - FORMATTED CONTENTS NOTE |
| Title |
Preface -- |
| -- |
Introduction: and still it moves -- |
| -- |
I am a camera / |
| Statement of responsibility |
John Van Druten -- |
| Title |
Cat on a hot tin roof / |
| Statement of responsibility |
Tennessee Williams -- |
| Title |
Rose tattoo / |
| Statement of responsibility |
Tennessee Williams -- |
| Title |
Moon for the misbegotten / |
| Statement of responsibility |
Eugene O'Neill -- |
| Title |
Hatful of rain / |
| Statement of responsibility |
Michael V. Gazzo -- |
| Title |
Picnic / |
| Statement of responsibility |
William Inge -- |
| Title |
Bus stop / |
| Statement of responsibility |
William Inge -- |
| Title |
Tea and sympathy / |
| Statement of responsibility |
Robert Anderson -- |
| Title |
View from the bridge / |
| Statement of responsibility |
Arthur Miller -- |
| Title |
Crucible / |
| Statement of responsibility |
Arthur Miller -- |
| Title |
Inherit the wind / |
| Statement of responsibility |
Jerome Lawrence and Robert E. Lee -- |
| Title |
Caine mutiny court-martial / |
| Statement of responsibility |
Herman Wouk -- |
| Title |
Fourposter / |
| Statement of responsibility |
Jan D. Hartog -- |
| Title |
Seven year itch / |
| Statement of responsibility |
George Axelrod -- |
| Title |
Matchmaker / |
| Statement of responsibility |
Thornton Wilder -- |
| Title |
No time for sergeants / |
| Statement of responsibility |
Ira Levin and Mac Hyman -- |
| Title |
Solid gold Cadillac / |
| Statement of responsibility |
George S. Kaufman and Howard Teichmann -- |
| Title |
Selective bibliography (p. 642-644). |
| 650 #0 - SUBJECT ADDED ENTRY--TOPICAL TERM |
| Topical term or geographic name entry element |
American drama |
| Chronological subdivision |
20th century |
| 9 (RLIN) |
153712 |
| 655 #7 - INDEX TERM--GENRE/FORM |
| Genre/form data or focus term |
Drama |
| Source of term |
lcgft |
| 9 (RLIN) |
153046 |
| 700 1# - ADDED ENTRY--PERSONAL NAME |
| Personal name |
Gassner, John, |
| Dates associated with a name |
1903-1967 |
| Relator term |
editor |
| Relator code |
edt |
| Relator term |
writer of introduction |
| Relator code |
win |
| 9 (RLIN) |
35206 |
| 942 ## - ADDED ENTRY ELEMENTS (KOHA) |
| Source of classification or shelving scheme |
Library of Congress Classification |
| Koha item type |
Book |